[Event "AUT -U18G"]
[Site "Koestendorf"]
[Date "1998.04.07"]
[Round "4.7"]
[White "Wiesinger, Bianca"]
[Black "Schuetz, Margit"]
[Result "1/2-1/2"]
[WhiteElo "1626"]
[BlackElo "1519"]
[PlyCount "68"]
[EventDate "1998.04.04"]
[Source "A. Burger"]
[SourceDate "1998.04.10"]

1. e4 c5 2. Nf3 d6 3. d4 cxd4 4. Nxd4 Nf6 5. Nc3 e6 6. Bg5 Be7 7. Qd2 a6 8. a4
Nc6 9. Be2 O-O 10. O-O h6 11. Be3 Qc7 12. f4 b6 13. Bf3 Bb7 14. Qf2 Nb8 15. Kh1
Nbd7 16. g4 Rfe8 17. Qg2 Nh7 18. Rg1 Kh8 19. g5 hxg5 20. fxg5 g6 21. Qh3 Bf8
22. Raf1 Bg7 23. Be2 Kg8 24. Rf2 Ne5 25. Rgf1 Re7 26. Qg3 Rd8 27. h4 Qb8 28. h5
Rdd7 29. Qh3 Qa8 30. Qh4 Nf8 31. Kg1 gxh5 32. Bxh5 Nfg6 33. Bxg6 Nxg6 34. Qg4
Ne5 1/2-1/2

[Event "AUT -U18G"]
[Site "Koestendorf"]
[Date "1998.04.08"]
[Round "5.2"]
[White "Bernhard, Julia"]
[Black "Perlega, Claudia"]
[Result "1/2-1/2"]
[WhiteElo "1429"]
[BlackElo "1715"]
[PlyCount "111"]
[EventDate "1998.04.04"]
[Source "A. Burger"]
[SourceDate "1998.04.10"]

1. e4 c5 2. Nf3 d6 3. d4 cxd4 4. Nxd4 Nf6 5. Nc3 Nc6 6. Be3 e6 7. Be2 a6 8. f4
Be7 9. Qd2 O-O 10. Bf3 Qc7 11. Nb3 Rb8 12. g4 Re8 13. Qf2 b5 14. a3 a5 15. h4
a4 16. Nd2 Qa5 17. g5 Nd7 18. Bd1 Nf8 19. h5 f5 20. exf5 exf5 21. Qf3 Qc7 22.
Qd5+ Be6 23. Qf3 Qd7 24. Kf2 d5 25. Be2 d4 26. Bxb5 dxe3+ 27. Qxe3 Qd4 28. Bxc6
Qxe3+ 29. Kxe3 Bc5+ 30. Kf3 Red8 31. Rad1 Rxb2 32. Bxa4 Bxa3 33. Rhe1 Bb4 34.
Ncb1 Ra2 35. c3 Rxa4 36. cxb4 Rxb4 37. Kg3 Rbd4 38. Re2 Ba2 39. Rde1 Bxb1 40.
Nxb1 Rd3+ 41. Re3 Rxe3+ 42. Rxe3 Kf7 43. Re5 g6 44. h6 Ne6 45. Re3 Rd4 46. Rf3
{} 46... Nxg5 47. fxg5 Rg4+ 48. Kh2 Rxg5 49. Rh3 Rh5 50. Rxh5 gxh5 51. Nd2 Kg6
52. Nf3 f4 53. Kh3 Kxh6 54. Kh4 Kg6 55. Ng5 h6 56. Nf3 1/2-1/2

[Event "AUT -U18G"]
[Site "Koestendorf"]
[Date "1998.04.08"]
[Round "5.3"]
[White "Jauk, Nadine"]
[Black "Giesinger, Evelyne"]
[Result "1-0"]
[WhiteElo "1761"]
[BlackElo "1356"]
[PlyCount "77"]
[EventDate "1998.04.04"]
[Source "A. Burger"]
[SourceDate "1998.04.10"]

1. e4 c6 2. Nc3 d5 3. Nf3 Bg4 4. h3 Bxf3 5. Qxf3 e6 6. exd5 cxd5 7. Bb5+ Nc6 8.
O-O Nf6 9. Re1 Be7 10. d4 O-O 11. Qe3 Rc8 12. Ne2 Nb4 13. Bd3 {} 13... Nxc2
14. Bxc2 Rxc2 15. Nc3 Bb4 16. Qd3 Rxf2 17. Kxf2 Ne4+ 18. Kg1 Qc7 19. Bd2 Nxc3
20. Bxc3 Bd6 21. Rac1 Qb6 22. Kh1 Bc7 23. Qe2 Rc8 24. Rc2 Qd6 25. g4 b6 26.
Rec1 Qg3 27. Qg2 Qd3 28. Be1 Qxd4 29. Rxc7 Rxc7 30. Rxc7 f6 31. Qe2 e5 32. Bf2
Qb4 33. Rxa7 d4 34. Qc2 d3 35. Qc8+ Qf8 36. Qxf8+ Kxf8 37. Rd7 e4 38. Bxb6 Ke8
39. Rd4 1-0

[Event "AUT -U18G"]
[Site "Koestendorf"]
[Date "1998.04.08"]
[Round "5.4"]
[White "Perlega, Daniela"]
[Black "Roscher, Christine"]
[Result "1/2-1/2"]
[WhiteElo "1608"]
[BlackElo "1568"]
[PlyCount "55"]
[EventDate "1998.04.04"]
[Source "A. Burger"]
[SourceDate "1998.04.10"]

1. e4 e5 2. Nf3 Nc6 3. Bc4 Bc5 4. O-O d6 5. c3 Bg4 6. h3 Bh5 7. d3 h6 8. Re1
Qf6 9. g4 Bg6 10. Be3 Bxe3 11. Rxe3 O-O-O 12. Nh2 Rf8 13. Qf3 Qg5 14. Qg3 h5
15. gxh5 Qxh5 16. Qg4+ Qxg4+ 17. hxg4 Nge7 18. Nd2 f6 19. Rf1 Be8 20. Rg3 g5
21. Kg2 Ng6 22. Rh1 Nf4+ 23. Kf1 Rh6 24. Ke1 Rfh8 25. Ndf1 Na5 26. Kd2 Nxc4+
27. dxc4 Bc6 28. Re3 1/2-1/2

[Event "AUT -U18G"]
[Site "Koestendorf"]
[Date "1998.04.08"]
[Round "5.5"]
[White "Alge, Karin"]
[Black "Striok, Bianka"]
[Result "1-0"]
[WhiteElo "1734"]
[BlackElo "1537"]
[PlyCount "77"]
[EventDate "1998.04.04"]
[Source "A. Burger"]
[SourceDate "1998.04.10"]

1. c4 e5 2. Nc3 Nf6 3. g3 g6 4. Bg2 Bg7 5. e3 d6 6. Nge2 Nc6 7. O-O O-O 8. d4
exd4 9. exd4 h6 10. h3 Ne7 11. Bd2 Rb8 12. b3 c5 13. d5 a6 14. g4 Nd7 15. Rc1
b5 16. Ne4 Qb6 17. Bc3 b4 18. Bxg7 Kxg7 19. Qd2 f5 20. gxf5 Nxf5 21. Nf4 Nf6
22. Rce1 Nd4 23. Ng3 Qd8 24. Qd3 Nf5 25. Nxf5+ Bxf5 26. Qg3 g5 27. h4 Nh7 28.
Be4 Qd7 29. Bxf5 Rxf5 30. Ne6+ Kf7 31. Qg4 31... Kg6 {} 32. h5+ Kf6 33. Nxc5
dxc5 34. Re6+ Kg7 35. Qxf5 Nf8 36. Rg6+ Kh8 37. Qf6+ Kh7 38. Rxh6+ Kg8 39. Rh8#
1-0

[Event "AUT -U18G"]
[Site "Koestendorf"]
[Date "1998.04.08"]
[Round "5.6"]
[White "Kump, Martina"]
[Black "Wiesinger, Bianca"]
[Result "1/2-1/2"]
[WhiteElo "1581"]
[BlackElo "1626"]
[PlyCount "106"]
[EventDate "1998.04.04"]
[Source "A. Burger"]
[SourceDate "1998.04.10"]

1. e4 c5 2. Nf3 d6 3. d3 Nf6 4. Bg5 e6 5. Be2 Be7 6. O-O a6 7. a4 O-O 8. Nbd2
Nc6 9. c3 b6 10. Re1 Bb7 11. d4 cxd4 12. cxd4 Nd7 13. Bf4 e5 14. Be3 exd4 15.
Nxd4 Nc5 16. f3 Bf6 17. Nxc6 Bxc6 18. Nc4 Qc7 19. Qxd6 Qxd6 20. Nxd6 Bxb2 21.
Rab1 Nxa4 22. Nc4 Bf6 23. Nxb6 Nc3 24. Nxa8 Nxb1 25. Nc7 Na3 26. Bc5 Rc8 27.
Bxa3 Rxc7 28. Rc1 Be5 29. Bxa6 Ba4 30. Rxc7 Bxc7 31. Bc4 Be5 32. Bc5 g6 33. g3
g5 34. Kf2 Kg7 35. Ke3 f6 36. f4 gxf4+ 37. gxf4 Bb2 38. Bd6 Kg6 39. Be6 h6 40.
h3 Bc2 41. f5+ Kg5 42. Bg3 Bc1+ 43. Kf3 Bd1+ 44. Kf2 Bf4 45. Bf7 Bc2 46. Bd5
Bd1 47. Bc4 h5 48. Kg2 Bxg3 49. Kxg3 h4+ 50. Kf2 Kf4 51. Bd3 Ba4 52. e5 Kxe5
53. Kf3 Bd1+ 1/2-1/2

[Event "AUT -U18G"]
[Site "Koestendorf"]
[Date "1998.04.09"]
[Round "6.1"]
[White "Perlega, Daniela"]
[Black "Archan, Dagmar"]
[Result "0-1"]
[WhiteElo "1608"]
[BlackElo "1688"]
[PlyCount "64"]
[EventDate "1998.04.04"]
[Source "A. Burger"]
[SourceDate "1998.04.10"]

1. e4 c5 2. Nf3 Nc6 3. d4 cxd4 4. Nxd4 Nf6 5. Nc3 e5 6. Nf3 Bb4 7. Bd2 Bxc3 8.
Bxc3 Nxe4 9. Bxe5 Nxe5 10. Nxe5 {} 10... Qa5+ 11. c3 Qxe5 12. Qe2 Qe6 13. Qe3
Nc5 14. Qxe6+ dxe6 15. Be2 Bd7 16. O-O O-O 17. Rfd1 Bc6 18. Rd4 Rfd8 19. Rad1
Rxd4 20. Rxd4 Kf8 21. Kf1 a6 22. c4 Ke7 23. b4 Nd7 24. g3 Rd8 25. Ke1 Nf6 26.
Rxd8 Kxd8 27. b5 axb5 28. cxb5 Bd5 29. a4 b6 30. Bd1 Kc7 31. Ke2 Kd6 32. Kd3
Kc5 0-1

[Event "AUT -U18G"]
[Site "Koestendorf"]
[Date "1998.04.09"]
[Round "6.2"]
[White "Schrank, Manuela"]
[Black "Bernhard, Julia"]
[Result "0-1"]
[WhiteElo "1700"]
[BlackElo "1429"]
[PlyCount "86"]
[EventDate "1998.04.04"]
[Source "A. Burger"]
[SourceDate "1998.04.10"]

1. e4 e5 2. Nf3 Nc6 3. Bb5 a6 4. Ba4 Nf6 5. O-O Bc5 6. d3 O-O 7. Bxc6 dxc6 8.
Nxe5 Qe7 9. Nf3 Bg4 10. c3 Rad8 11. Qe2 Nd5 12. h3 Bh5 13. d4 Bd6 14. e5 f6 15.
c4 Bxf3 16. Qxf3 fxe5 17. Qb3 exd4 18. cxd5 c5 19. Nd2 Qe5 20. g3 Qf5 21. Kg2
Rde8 22. Qf3 Qe5 23. Nc4 Qe7 24. Qd3 Qf7 25. Nxd6 {} 25... Qxd5+ 26. Kg1 cxd6
27. Bf4 Qe6 28. Kh2 Qd5 29. h4 Qh5 30. Qb3+ Kh8 31. Bxd6 Rf3 32. Qxb7 g5 33.
Kg2 gxh4 34. Qxf3 {} 34... h3+ 35. Kh2 Qxf3 36. Kxh3 Qh5+ 37. Kg2 Qd5+ 38. Kg1
Qxd6 39. b3 Re2 40. Rfd1 Qf6 41. Rf1 d3 42. Rad1 d2 43. Kg2 Qc3 0-1

[Event "AUT -U18G"]
[Site "Koestendorf"]
[Date "1998.04.09"]
[Round "6.3"]
[White "Kump, Martina"]
[Black "Jauk, Nadine"]
[Result "0-1"]
[WhiteElo "1581"]
[BlackElo "1761"]
[PlyCount "92"]
[EventDate "1998.04.04"]
[Source "A. Burger"]
[SourceDate "1998.04.10"]

1. e4 c5 2. Nf3 d6 3. d3 g6 4. Be2 Bg7 5. c4 Nf6 6. Nc3 O-O 7. O-O Nc6 8. Bg5
h6 9. Bd2 Nd7 10. Qc1 Kh7 11. h3 Nde5 12. Nh2 Nd4 13. Qd1 Bd7 14. f4 Nxe2+ 15.
Qxe2 Nc6 16. Rab1 Qc8 17. g4 Nd4 18. Qg2 Nc2 19. a3 e6 20. Nd1 b5 21. Bc3 Bxc3
22. Qxc2 Bd4+ 23. Kh1 a5 24. Nf3 Bg7 25. b3 Rb8 26. Ne3 Qa6 27. h4 Rb7 28. h5
Rfb8 29. hxg6+ fxg6 30. Kg2 a4 31. bxa4 b4 32. axb4 Bxa4 33. Qa2 Rxb4 34. Rxb4
Rxb4 35. Rh1 {} 35... Rb2+ 36. Qxb2 Bxb2 37. Ng5+ Kg8 38. Rxh6 Be8 39. Nxe6
Bg7 40. Nxg7 Kxg7 41. g5 Qa2+ 42. Kf3 Qd2 43. f5 Qxd3 44. f6+ Kg8 45. Kf4 Qe2
46. Ng4 Qd2+ 0-1

[Event "AUT -U18G"]
[Site "Koestendorf"]
[Date "1998.04.09"]
[Round "6.4"]
[White "Giesinger, Evelyne"]
[Black "Perlega, Claudia"]
[Result "1-0"]
[WhiteElo "1356"]
[BlackElo "1715"]
[PlyCount "160"]
[EventDate "1998.04.04"]
[Source "A. Burger"]
[SourceDate "1998.04.10"]

1. c4 Nf6 2. Nc3 g6 3. d4 Bg7 4. e4 O-O 5. Bd3 d6 6. Be3 b6 7. Nge2 Bb7 8. O-O
e6 9. f3 c5 10. d5 exd5 11. cxd5 a6 12. Qd2 Nbd7 13. Ng3 b5 14. Bh6 Qb6 15. Kh1
Ne5 16. Bc2 Nc4 17. Qg5 Nxb2 18. Bxg7 Kxg7 19. e5 dxe5 20. Nce4 Nxe4 21. fxe4
21... f6 {} 22. Nh5+ Kh8 23. Nxf6 Qc7 24. Ng4 Nc4 25. Rad1 Qd8 26. Rxf8+ Qxf8
27. Bb3 Qd8 28. Qxd8+ Rxd8 29. Bxc4 bxc4 30. Nxe5 Kg7 31. Nxc4 Re8 32. d6 Bxe4
33. d7 Rd8 34. Nb6 Bf5 35. Kg1 Kf8 36. Rd5 Be6 37. Rxc5 Bxd7 38. Rc7 Ke7 39.
Ra7 Ke8 40. Rxa6 Bb5 41. Ra7 h5 42. a3 Rb8 43. Ra8 Rxa8 44. Nxa8 Kd8 45. Nb6
Kc7 46. Nd5+ Kb7 47. g3 Be8 48. Kf2 Bf7 49. Nc3 Kb6 50. Ke3 Kc5 51. Ne4+ Kd5
52. Kf4 Be6 53. a4 Kc6 54. Ke5 Bb3 55. a5 Kb5 56. a6 Kb6 57. Kd6 Bc4 58. Nc5
Ka7 59. Ne6 Bd3 60. Nf4 Bf5 61. Ke5 Kxa6 62. Kf6 Kb6 63. Nxg6 Bg4 64. Kg5 Kc7
65. Nf4 Kd8 66. Nxh5 Bd1 67. Nf6 Ke7 68. h4 Kf7 69. h5 Kg7 70. g4 Kh8 71. Kh4
Bxg4 72. Kxg4 Kg7 73. Kg5 Kh8 74. Nd5 Kg7 75. Nf4 Kh7 76. Ng6 Kg7 77. Ne5 Kh7
78. h6 Kg8 79. Kg6 Kh8 80. Nf7+ Kg8 1-0

[Event "AUT -U18G"]
[Site "Koestendorf"]
[Date "1998.04.09"]
[Round "6.5"]
[White "Wiesinger, Bianca"]
[Black "Alge, Karin"]
[Result "0-1"]
[WhiteElo "1626"]
[BlackElo "1734"]
[PlyCount "50"]
[EventDate "1998.04.04"]
[Source "A. Burger"]
[SourceDate "1998.04.10"]

1. e4 d6 2. d4 Nf6 3. Bd3 g6 4. f4 Nbd7 5. c3 Bg7 6. Be3 c5 7. Nd2 cxd4 8. cxd4
a6 9. h3 b5 10. Ngf3 Bb7 11. O-O O-O 12. Qe2 Ne8 13. Rac1 Nc7 14. b3 e6 15. Bf2
f5 16. e5 dxe5 17. dxe5 Nd5 18. g3 18... Rc8 {} 19. Rfd1 Nc3 20. Rxc3 Rxc3 21.
Nd4 Qe7 22. N2f3 h6 23. Qd2 Rfc8 24. Kh2 R3c7 25. Be2 Nc5 0-1

[Event "AUT -U18G"]
[Site "Koestendorf"]
[Date "1998.04.09"]
[Round "6.7"]
[White "Schuetz, Margit"]
[Black "Striok, Bianka"]
[Result "1-0"]
[WhiteElo "1519"]
[BlackElo "1537"]
[PlyCount "69"]
[EventDate "1998.04.04"]
[Source "A. Burger"]
[SourceDate "1998.04.10"]

1. d4 d5 2. Bf4 Nc6 3. Nf3 g6 4. e3 Bg7 5. c3 Bg4 6. h3 Bf5 7. Be2 Nf6 8. O-O
O-O 9. Nbd2 Qd7 10. Rc1 Ne4 11. Nxe4 Bxe4 12. Bd3 f5 13. Be2 Bxf3 14. Bxf3 Rad8
15. c4 dxc4 16. Rxc4 Qe6 17. Qc1 Rd7 18. a3 {} 18... Na5 19. Rxc7 Rxc7 20.
Qxc7 Qb6 21. Qxb6 axb6 22. Rc1 h6 23. b4 Nb3 24. Bd5+ Kh7 25. Bxb3 Re8 26. Rc7
Ra8 27. a4 g5 28. Be5 Bf8 29. Rxb7 Rc8 30. Rc7 Rxc7 31. Bxc7 Kg6 32. Bxb6 f4
33. exf4 gxf4 34. a5 e6 35. a6 1-0

[Event "AUT -U18G"]
[Site "Koestendorf"]
[Date "1998.04.10"]
[Round "7.1"]
[White "Archan, Dagmar"]
[Black "Jauk, Nadine"]
[Result "1/2-1/2"]
[WhiteElo "1688"]
[BlackElo "1761"]
[PlyCount "81"]
[EventDate "1998.04.04"]
[Source "A. Burger"]
[SourceDate "1998.04.10"]

1. d4 d5 2. Nf3 c5 3. e3 e6 4. c4 Nc6 5. Bd3 Nf6 6. O-O Be7 7. b3 O-O 8. Bb2
Qb6 9. Nc3 dxc4 10. Na4 Qc7 11. bxc4 Rd8 12. Qe2 b6 13. dxc5 bxc5 14. Rfd1 Nb4
15. Be5 Qa5 16. Nc3 Ba6 17. Nb5 Bxb5 18. cxb5 Nxd3 19. Rxd3 Rxd3 20. Qxd3 Rd8
21. Qc4 Nd5 22. Rd1 Bf8 23. Qe2 f6 24. Ba1 Rb8 25. e4 Nc7 26. Qc4 Qxb5 27. Qxb5
Nxb5 28. Rb1 Rb6 29. Nd2 Na3 30. Rb3 Nc2 31. Bc3 Rxb3 32. Nxb3 Nb4 33. a4 Kf7
34. f4 Ke8 35. Kf1 Kd7 36. Ke2 f5 37. exf5 exf5 38. Bxb4 cxb4 39. Kd3 Kd6 40.
Nd4 Kd5 41. Nxf5 1/2-1/2

[Event "AUT -U18G"]
[Site "Koestendorf"]
[Date "1998.04.10"]
[Round "7.2"]
[White "Bernhard, Julia"]
[Black "Giesinger, Evelyne"]
[Result "1-0"]
[WhiteElo "1429"]
[BlackElo "1356"]
[PlyCount "87"]
[EventDate "1998.04.04"]
[Source "A. Burger"]
[SourceDate "1998.04.10"]

1. e4 c6 2. d4 d5 3. Nc3 dxe4 4. Nxe4 Bf5 5. Ng3 Bg6 6. Nf3 e6 7. c3 Nd7 8. Bf4
Ngf6 9. Be2 Be7 10. O-O O-O 11. Nh4 Ne4 12. Nxg6 fxg6 13. Qc1 Ndf6 14. Bc4 Nd5
15. Be5 Nef6 16. Re1 Bd6 17. Bxf6 Qxf6 18. Ne4 Qe7 19. Qg5 Qd7 20. Qg4 Rf5 21.
Ng5 b5 22. Bd3 Rf6 23. Qh3 23... h6 {} 24. Nxe6 Re8 25. Ng5 Rxe1+ 26. Rxe1
Qxh3 27. Nxh3 g5 28. Re8+ Rf8 29. Re6 Rf6 30. Re8+ Kf7 31. Ra8 g4 32. Rxa7+ Ke8
33. Ng5 hxg5 34. Rxg7 Nf4 35. Bc2 Re6 36. Kf1 Re2 37. Bg6+ Kd8 38. g3 Ne6 39.
Rg8+ Nf8 40. Kxe2 Ke7 41. Be4 Kf7 42. Rxg5 Nd7 43. Bxc6 Nf6 44. Bxb5 1-0

[Event "AUT -U18G"]
[Site "Koestendorf"]
[Date "1998.04.10"]
[Round "7.3"]
[White "Alge, Karin"]
[Black "Schrank, Manuela"]
[Result "0-1"]
[WhiteElo "1734"]
[BlackElo "1700"]
[PlyCount "82"]
[EventDate "1998.04.04"]
[Source "A. Burger"]
[SourceDate "1998.04.10"]

1. c4 Nf6 2. Nc3 g6 3. g3 Bg7 4. Bg2 O-O 5. e3 d6 6. Nge2 Nbd7 7. O-O c6 8. d4
Rb8 9. b4 e5 10. d5 c5 11. a3 a6 12. e4 Qc7 13. b5 Nh5 14. Rb1 Nb6 15. Qd3 f5
16. h3 Nf6 17. Bd2 fxe4 18. Nxe4 Nxe4 19. Bxe4 Bxh3 20. Bg2 Bf5 21. Be4 Nd7 22.
Kg2 Bxe4+ 23. Qxe4 Nf6 24. Qh4 Qf7 25. Be3 Nh5 26. g4 Qf3+ 27. Kg1 Nf6 28. Ng3
Qxg4 29. Qxg4 Nxg4 30. Ne4 Nxe3 31. fxe3 Rxf1+ 32. Kxf1 axb5 33. Nxd6 bxc4 34.
Nxc4 34... b5 {} 35. e4 Rf8+ 36. Ke2 bxc4 37. Rc1 Ra8 38. Rxc4 Rxa3 39. Rxc5
Ra4 40. Kf3 Rd4 41. Rc6 Kf7 0-1

[Event "AUT -U18G"]
[Site "Koestendorf"]
[Date "1998.04.10"]
[Round "7.4"]
[White "Kreutmayer, Simone"]
[Black "Perlega, Claudia"]
[Result "1/2-1/2"]
[WhiteElo "1517"]
[BlackElo "1715"]
[PlyCount "50"]
[EventDate "1998.04.04"]
[Source "A. Burger"]
[SourceDate "1998.04.10"]

1. e4 c5 2. c3 d5 3. exd5 Qxd5 4. d4 e6 5. Nf3 Nf6 6. Be2 Be7 7. O-O O-O 8. Bg5
Nc6 9. dxc5 Qxc5 10. Nbd2 Ne5 11. Nxe5 Qxe5 12. Nf3 Qc7 13. Qc2 b6 14. Rad1 Bb7
15. h3 Rad8 16. Rxd8 Rxd8 17. Rd1 Rxd1+ 18. Qxd1 Ne4 19. Bxe7 Qxe7 20. Qa4 Ba8
21. Nd4 Nc5 22. Qb5 Qd7 23. b4 Qxb5 24. Nxb5 Na4 25. c4 a6 1/2-1/2

[Event "AUT -U18G"]
[Site "Koestendorf"]
[Date "1998.04.10"]
[Round "7.5"]
[White "Roscher, Christine"]
[Black "Schuetz, Margit"]
[Result "1/2-1/2"]
[WhiteElo "1568"]
[BlackElo "1519"]
[PlyCount "44"]
[EventDate "1998.04.04"]
[Source "A. Burger"]
[SourceDate "1998.04.10"]

1. e4 c5 2. Nf3 d6 3. d4 cxd4 4. Nxd4 Nc6 5. Be3 Nf6 6. Nc3 e6 7. Qd2 a6 8. f3
Be7 9. O-O-O O-O 10. g4 Qc7 11. h4 b5 12. g5 Nd7 13. h5 Nde5 14. Qg2 b4 15.
Nce2 Nc4 16. Bf2 Re8 17. Nxc6 Qxc6 18. Nd4 Qc7 19. g6 fxg6 20. hxg6 h6 21. Qh2
Rf8 22. Bxc4 Qxc4 1/2-1/2

[Event "AUT -U18G"]
[Site "Koestendorf"]
[Date "1998.04.10"]
[Round "7.7"]
[White "Striok, Bianka"]
[Black "Kump, Martina"]
[Result "1/2-1/2"]
[WhiteElo "1537"]
[BlackElo "1581"]
[PlyCount "63"]
[EventDate "1998.04.04"]
[Source "A. Burger"]
[SourceDate "1998.04.10"]

1. e4 e5 2. Nf3 Nc6 3. Bc4 d6 4. d3 Bg4 5. h3 Bh5 6. g4 Bg6 7. Nc3 Be7 8. Be3
a6 9. Qd2 Nf6 10. O-O-O Na5 11. Bb3 Nxb3+ 12. cxb3 Qd7 13. Rdg1 h6 14. Nh2
O-O-O 15. f4 exf4 16. Bxf4 Qc6 17. Kb1 Nd7 18. Nf3 Bf6 19. Nd5 Ne5 20. Nxe5
20... dxe5 {} 21. Bxe5 Kb8 22. Bxc7+ Ka8 23. Bxd8 Rxd8 24. Nxf6 Qxf6 25. Rd1
Bxe4 26. Rhe1 Rxd3 27. Qxd3 Bxd3+ 28. Rxd3 Qg6 29. Re8+ Ka7 30. Ree3 f5 31.
gxf5 Qxf5 32. Kc2 1/2-1/2